Арктические тайны Третьего рейха (Запись № 75425)

Подробности
000 -МАРКЕР
контрольное поле 01542nam0a2200349 4500
001 - ИДЕНТИФИКАТОР ЗАПИСИ
контрольное поле RU\NLR\bibl\1224226
005 - ИДЕНТИФИКАТОР ВЕРСИИ
контрольное поле 20260405210512.0
010 ## - МЕЖДУНАРОДНЫЙ СТАНДАРТНЫЙ НОМЕР КНИГИ (ISBN)
Номер (ISBN) 978-5-9684-0801-3
Тираж 3000
021 ## - НОМЕР ГОСУДАРСТВЕННОЙ РЕГИСТРАЦИИ
Код страны Российская Федерация
Номер 2008-19730
Номер Листа государственной регистраци 1078
035 ## - ДРУГИЕ СИСТЕМНЫЕ НОМЕРА
Идентификатор записи (NLR Aleph) 001210551
100 ## - ДАННЫЕ ОБЩЕЙ ОБРАБОТКИ
Данные общей обработки 20080508d2008 |||y0rusy50 ca
101 0# - ЯЗЫК РЕСУРСА
Язык текста, звукозаписи и т.д. русский
102 ## - СТРАНА ПУБЛИКАЦИИ ИЛИ ПРОИЗВОДСТВА
Страна публикации Российская Федерация
105 ## - ПОЛЕ КОДИРОВАННЫХ ДАННЫХ: ТЕКСТОВЫЕ МАТЕРИАЛЫ, МОНОГРАФИЧЕСКИЕ
Кодированные данные о монографическом текстовом документе a |||||||||
200 1# - ЗАГЛАВИЕ И СВЕДЕНИЯ ОБ ОТВЕТСТВЕННОСТИ
Основное заглавие Арктические тайны Третьего рейха
Первые сведения об ответственности С.А. Ковалев, А.Ф. Федоров, В.С. Злобин
210 ## - ПУБЛИКАЦИЯ, РАСПРОСТРАНЕНИЕ И ДР.
Место издания, распространения и т.д. Санкт-Петербург
Имя издателя, распространителя и т. д. Вектор
Дата издания, распространения и т.д. 2008
215 ## - ФИЗИЧЕСКАЯ ХАРАКТЕРИСТИКА
Специфическое обозначение материала и объем 215, [1] с.
Другие сведения о физической характеристике ил.
Размеры 21
225 1# - СЕРИЯ
Основное заглавие серии Лабиринты истины
606 1# - НАИМЕНОВАНИЕ ТЕМЫ КАК ПРЕДМЕТ
Наименование темы Пиратство
Географический подзаголовок Германия
Хронологический подзаголовок 20 в.
Системный номер авторитетной/нормативной записи 2143186
Идентификатор авторитетной/нормативной записи RU\NLR\auth\661291497
606 1# - НАИМЕНОВАНИЕ ТЕМЫ КАК ПРЕДМЕТ
Наименование темы Военные базы германские
Тематический подзаголовок Размещение в Арктике
Хронологический подзаголовок 1939 - 1945
Системный номер авторитетной/нормативной записи 2518369
Идентификатор авторитетной/нормативной записи RU\NLR\auth\661492500
686 ## - ИНДЕКСЫ ДРУГИХ КЛАССИФИКАЦИЙ
Индекс Ц66,8(4Г)0-13
686 ## - ИНДЕКСЫ ДРУГИХ КЛАССИФИКАЦИЙ
Индекс Ц8(4Г)34
686 ## - ИНДЕКСЫ ДРУГИХ КЛАССИФИКАЦИЙ
Индекс Ц2,8(4Г)3
700 #1 - ИМЯ ЛИЦА - ПЕРВИЧНАЯ ОТВЕТСТВЕННОСТЬ
Код отношения Автор
Материалы, к которым относится поле rus
Графика поля Кириллица
Начальный элемент ввода Ковалев
Часть имени, кроме начального элемента ввода С. А.
Дополнения к именам, кроме дат писатель, капитан 1 ранга
Расширение инициалов личного имени Сергей Алексеевич
Идентификатор авторитетной/нормативной записи RU\NLR\auth\7773259
Системный номер авторитетной/нормативной записи 56187
701 #1 - ИМЯ ЛИЦА - АЛЬТЕРНАТИВНАЯ ОТВЕТСТВЕННОСТЬ
Код отношения Автор
Материалы, к которым относится поле rus
Графика поля Кириллица
Начальный элемент ввода Федоров
Часть имени, кроме начального элемента ввода А. Ф.
Дополнения к именам, кроме дат канд. биол. наук, д-р техн. наук
Даты 1929-
Расширение инициалов личного имени Анатолий Федорович
Идентификатор авторитетной/нормативной записи RU\NLR\auth\7793661
Системный номер авторитетной/нормативной записи 76587
701 #1 - ИМЯ ЛИЦА - АЛЬТЕРНАТИВНАЯ ОТВЕТСТВЕННОСТЬ
Начальный элемент ввода Злобин
Часть имени, кроме начального элемента ввода В. С.
Расширение инициалов личного имени Виктор Сергеевич
Код отношения Автор
801 #0 - ИСТОЧНИК ЗАПИСИ
Страна Российская Федерация
Организация NLR
Дата составления 20080508
Правила каталогизации RCR
801 #1 - ИСТОЧНИК ЗАПИСИ
Страна Российская Федерация
Организация NLR
Дата составления 20080508
942 ## - ДОПОЛНИТЕЛЬНЫЕ ЭЛЕМЕНТЫ ЗАПИСИ (АБИС)
Тип экземпляра АБИС Книга
980 ## - КОЛЛЕКЦИЯ
Название коллекции Национальная библиография
Экземпляры
Тип экземпляра Дата поступления Источник поступления Библиотека постоянного хранения Библиотека текущего хранения Место хранения Шифр хранения Штрих-код Статус экземпляра
Книга 08.05.2008 Обязательный экземпляр РНБ (Московский) РНБ (Московский) Русский книжный фонд: издания с 1957 года 2008-3/13503 1-1207483  
Книга 08.05.2008 Обязательный экземпляр РНБ (Московский) РНБ (Московский) Русский книжный фонд: издания с 1957 года 2008-3/13503 2668203